| 000 | 00380nam a2200145Ia 4500 | ||
|---|---|---|---|
| 008 | 150201s1982 xx 000 0 und d | ||
| 082 |
_a617.645 _bD1982S |
||
| 100 | _aPAULINE.F.STEELE | ||
| 245 | _aDIMENSIONS OF DENTAL HYGIENE. | ||
| 250 | _a3RD | ||
| 260 |
_bLEA & FEBIGER PUBLICATION _aPHILADELPHIA (U.K) _c1982 |
||
| 300 | _a1-550 | ||
| 650 | _aPERIODONTICS | ||
| 942 |
_2ddc _cBK |
||
| 999 |
_c4768 _d4768 |
||